Epistola a los pisones / (Record no. 155579)

MARC details
000 -LEADER
campo de control de longitud fija 00696nam a22002055i 4500
001 - NÚMERO DE CONTROL
campo de control 155579
003 - IDENTIFICADOR DE NÚMERO DE CONTROL
campo de control ES-MaACL
005 - FECHA Y HORA DE LA ÚLTIMA TRANSACCIÓN
campo de control 20230906210130.0
008 - DATOS DE LONGITUD FIJA--INFORMACIÓN GENERAL
campo de control de longitud fija 941221s1894 |||| | spa d
040 ## - FUENTE DE CATALOGACIÓN
Centro catalogador/agencia de origen PAB
Lengua de catalogación spa
100 1# - ENTRADA PRINCIPAL--NOMBRE DE PERSONA
Nombre de persona Horacio Flaco, Quinto.
9 (RLIN) 64182
245 10 - MENCIÓN DEL TÍTULO
Título Epistola a los pisones /
Mención de responsabilidad, etc. Q. Horacio Flaco ; traducido en prose anotado y dispuesta por Marcelo Macias y Garcia.
250 ## - MENCION DE EDICION
Mención de edición 2\pa\s ed.
260 ## - PUBLICACIÓN, DISTRIBUCIÓN, ETC.
Lugar de publicación, distribución, etc. Orense :
Nombre del editor, distribuidor, etc. [s.n.],
Fecha de publicación, distribución, etc. 1894 (
Fabricante Imprenta de Antonio Otero)
300 ## - DESCRIPCIÓN FÍSICA
Extensión XV, 143 p. ;
Dimensiones 22 cm.
504 ## - NOTA DE BIBLIOGRAFÍA, ETC.
Nota de bibliografía, etc. Texto en español y latín.
700 11 - ENTRADA AGREGADA--NOMBRE PERSONAL
Nombre de persona Macías y García, Marcelo,
Término indicativo de función/relación
9 (RLIN) 75226
852 ## - LOCALIZACIÓN
Ubicación ES-MaACL
Número de control de estantería 1694-F-9
Nota libre -- Rust.
Holdings
Estatus retirado Estado de pérdida Estado de daño No para préstamo Colección Biblioteca de origen Biblioteca actual Ubicación en estantería Fecha de adquisición Fuente de adquisición Total de préstamos Signatura topográfica completa Código de barras Visto por última vez Precio de reemplazo Tipo de ítem Koha
        Colección de folletos Biblioteca del Ateneo de Madrid Biblioteca del Ateneo de Madrid Depósito folletos 17/01/2008     1694-F-9 1162738 23/02/2023 23/02/2023 Folleto